[Event "27e tournoi 1hKO"]
[Site "Montigny le Bretonneux"]
[Date "2025.05.29"]
[Round "3.6"]
[White "Plantet, Marc"]
[Black "Fayolle, Guy"]
[Result "1-0"]
[WhiteElo "1854"]
[BlackElo "1683"]
[Annotator "Rivier,Sylvain"]
[PlyCount "39"]
[EventDate "2025.??.??"]
[WhiteTeam "La Dame Noire"]
[BlackTeam "Saint-Quentin en Yvelines"]

{Défense Pirc} 1. d4 Nf6 2. Nc3 g6 3. e4 d6 4. Bf4 Bg7 5. Qd2 O-O 6. O-O-O Nc6
7. f3 a6 8. g4 b5 9. h4 h5 10. Bh6 hxg4 11. h5 Nxh5 12. Rxh5 e5 13. Bxg7 gxh5
14. Qh6 f6 15. Nd5 Nxd4 16. Bxf6 Rxf6 17. Nxf6+ Kf7 18. Nxh5 gxf3 19. Qg7+ Ke6
20. Bh3+ 1-0

[Event "27e tournoi 1hKO"]
[Site "Montigny le Bretonneux"]
[Date "2025.05.29"]
[Round "3.7"]
[White "Alluch Abdellach, Nordin"]
[Black "Chevrier, Denis"]
[Result "0-1"]
[WhiteElo "1665"]
[BlackElo "1734"]
[Annotator "Rivier,Sylvain"]
[PlyCount "87"]
[EventDate "2025.??.??"]
[WhiteTeam "Saint-Quentin en Yvelines"]
[BlackTeam "Club d'Echecs de l'Arpajonnais"]

{Défense Grünfeld, variante fermée} 1. d4 d5 2. Nf3 g6 3. c4 Bg7 4. Nc3 e6
5. e3 Ne7 6. cxd5 Nxd5 7. Be2 O-O 8. O-O Nd7 9. a3 c5 10. Nxd5 exd5 11. dxc5
Nxc5 12. Nd4 Re8 13. b4 Ne6 14. Bb2 Qb6 15. Bf3 Nxd4 16. Bxd4 Bxd4 17. Qa4 Be6
18. exd4 Rac8 19. Rad1 Rc4 20. h3 a5 21. Qb3 axb4 22. axb4 Qxb4 23. Qe3 Qf8 24.
Rb1 Rb8 25. Qe5 b5 26. Bxd5 Bxd5 27. Qxd5 Rb4 28. Qe5 Rd8 29. d5 Rxb1 30. Rxb1
Qc5 31. Rd1 b4 32. Qe4 b3 33. Rb1 b2 34. Qe3 Qc2 35. Qe1 Rxd5 36. g3 Rc5 37.
Kg2 Kg7 38. h4 Qc1 39. Qb4 Qxb1 40. Qd4+ f6 41. Qd7+ Kh6 42. Qe7 Qf5 43. Qe3+
g5 44. Qe7 0-1

[Event "27e tournoi 1hKO"]
[Site "Montigny le Bretonneux"]
[Date "2025.05.29"]
[Round "3.8"]
[White "Baysse, Nathan"]
[Black "Adsul, Tanush"]
[Result "1-0"]
[WhiteElo "1717"]
[BlackElo "1299"]
[Annotator "Rivier,Sylvain"]
[PlyCount "89"]
[EventDate "2025.??.??"]
[WhiteTeam "La Dame Noire"]
[BlackTeam "La Dame Noire"]

{Défense sicilienne, variante Rossolimo} 1. e4 d6 2. Nf3 Nf6 3. Nc3 g6 4. Bc4
Bg7 5. h3 c5 6. d3 Nc6 7. O-O O-O 8. Be3 Re8 9. Qd2 e5 10. Bg5 Bd7 11. Nd5 Nd4
12. Nxd4 cxd4 13. f4 Be6 14. fxe5 dxe5 15. Nxf6+ Bxf6 16. Bxf6 Re7 17. Qh6 Qf8
18. Qxf8+ Kxf8 19. Bxe7+ Kxe7 20. Bxe6 Kxe6 21. Rf3 Rc8 22. Rc1 a6 23. c3 b5
24. c4 a5 25. c5 Rc6 26. a3 f5 27. b4 a4 28. Rcf1 f4 29. h4 Kf6 30. Kf2 h6 31.
Rh1 h5 32. Rg1 Ke6 33. g3 fxg3+ 34. Rgxg3 Ke7 35. Ke2 Kd7 36. Rf7+ Ke6 37.
Rxg6+ Kxf7 38. Rxc6 Ke7 39. Rd6 Ke8 40. Rd5 Kf7 41. c6 Ke6 42. c7 Kf6 43. c8=Q
Ke7 44. Rd7+ Kf6 45. Qc6# 1-0

[Event "27e tournoi 1hKO"]
[Site "Montigny le Bretonneux"]
[Date "2025.05.29"]
[Round "3.9"]
[White "Couradin, Jean-Marie"]
[Black "Ouaddi, Oussama"]
[Result "1-0"]
[WhiteElo "1712"]
[BlackElo "1566"]
[Annotator "Rivier,Sylvain"]
[PlyCount "95"]
[EventDate "2025.??.??"]
[WhiteTeam "La Dame Noire"]
[BlackTeam "Club d'Echecs de Triel sur Seine"]

{Ouverture anglaise, variante Botvinnik} 1. c4 c5 2. Nc3 Nc6 3. g3 g6 4. Bg2
Bg7 5. e4 e5 6. Nge2 Nf6 7. O-O d6 8. h3 O-O 9. d3 h6 10. Kh2 Be6 11. f4 Nd4
12. Be3 Rb8 13. a4 a6 14. Bxd4 cxd4 15. Nd5 Bxd5 16. cxd5 Nd7 17. b4 Qb6 18.
Rb1 Rfc8 19. Qd2 Qd8 20. f5 g5 21. Bf3 Rc7 22. Rbc1 Rbc8 23. Rxc7 Rxc7 24. Rc1
Qc8 25. Bg4 Rxc1 26. Nxc1 f6 27. Bd1 Kh7 28. a5 b6 29. axb6 Nxb6 30. Nb3 Na4
31. Nxd4 exd4 32. Bxa4 Qc3 33. Qxc3 dxc3 34. Kg2 h5 35. g4 hxg4 36. hxg4 Bf8
37. Kf3 Be7 38. Ke3 Bd8 39. Ke2 a5 40. d4 Bb6 41. Kd3 Kg7 42. Kxc3 Kf7 43. Bb3
Ke7 44. Kd3 Kd7 45. e5 dxe5 46. dxe5 fxe5 47. Ke4 Bc7 48. f6 {suite illisible}
1-0

[Event "27e tournoi 1hKO"]
[Site "Montigny le Bretonneux"]
[Date "2025.05.29"]
[Round "3.10"]
[White "Hajjouj, Mouhcine"]
[Black "Pujol, Nicolas"]
[Result "0-1"]
[WhiteElo "1592"]
[BlackElo "1654"]
[Annotator "Rivier,Sylvain"]
[PlyCount "72"]
[EventDate "2025.??.??"]
[WhiteTeam "Cercle Echiquier Pertuisien"]
[BlackTeam "CE Le Roi Soleil - Le Chesnay - Versailles"]

{Partie du pion dame} 1. Nf3 d5 2. d4 Nf6 3. g3 c6 4. Bg2 Bf5 5. O-O h6 6. b3
e6 7. h3 Nbd7 8. Bb2 Qc7 9. Nbd2 Ne4 10. c4 Be7 11. Rc1 O-O 12. cxd5 exd5 13.
Nxe4 dxe4 14. Nd2 Nf6 15. e3 Qd7 16. Nc4 Bxh3 17. Ne5 Qe6 18. Qc2 Bxg2 19. Kxg2
Qf5 20. Qe2 Nd7 21. Nc4 Rfe8 22. Rh1 Nf6 23. Ne5 Nh7 24. Nc4 Qb5 25. Qg4 Nf6
26. Qd1 Qd5 27. Qd2 Rad8 28. Na5 c5 29. Nc4 b6 30. Ne5 Bd6 31. f4 exf3+ 32.
Nxf3 Ne4 33. Qe2 Nxg3 34. Qc2 Nxh1 35. Rxh1 Rxe3 36. Rf1 Rde8 0-1

[Event "27e tournoi 1hKO"]
[Site "Montigny le Bretonneux"]
[Date "2025.05.29"]
[Round "3.11"]
[White "Nguyen-Vany, Jean"]
[Black "Couradin, Bruno"]
[Result "1-0"]
[WhiteElo "1653"]
[BlackElo "1554"]
[Annotator "Rivier,Sylvain"]
[PlyCount "85"]
[EventDate "2025.??.??"]
[WhiteTeam "Echiquier Médocain"]
[BlackTeam "La Dame Noire"]

{Partie du pion dame} 1. d4 d5 2. Nf3 Nf6 3. Bf4 Nc6 4. e3 e6 5. c3 Bd6 6. Bg5
h6 7. Bh4 O-O 8. Bd3 Be7 9. Nbd2 Nd7 10. Bxe7 Qxe7 11. O-O e5 12. dxe5 Ndxe5
13. Nxe5 Nxe5 14. Be2 c6 15. Nf3 Nxf3+ 16. Bxf3 Bf5 17. Re1 Rfe8 18. Qd2 Qg5
19. Kh1 Rad8 20. Qd4 b6 21. Rad1 Be4 22. Bxe4 Rxe4 23. Qd3 Rh4 24. Qe2 Rd6 25.
Rd4 Rg6 26. f3 Rh5 27. Rg4 Qe5 28. f4 Rxh2+ 29. Kg1 Qh5 30. Rxg6 Rh1+ 31. Kf2
Qh4+ 32. Rg3 Rh2 33. Qg4 Qf6 34. Rh3 Rxh3 35. Qxh3 Kh7 36. g4 g5 37. Qf3 gxf4
38. exf4 Qd6 39. Rh1 Kg7 40. Qe3 f6 41. f5 Qc5 42. Qxc5 bxc5 43. Re1 1-0

[Event "27e tournoi 1hKO"]
[Site "Montigny le Bretonneux"]
[Date "2025.05.29"]
[Round "3.12"]
[White "Meddour, Ithri"]
[Black "Kissian, Pascal"]
[Result "1-0"]
[WhiteElo "1562"]
[BlackElo "1650"]
[Annotator "Rivier,Sylvain"]
[PlyCount "49"]
[EventDate "2025.??.??"]
[WhiteTeam "Saint-Quentin en Yvelines"]
[BlackTeam "la Tour des Clayes"]

{Ouverture irrégulière} 1. e4 d5 2. Nc3 dxe4 3. Nxe4 b6 4. Nf3 Bb7 5. Ng3 Nf6
6. Bc4 e6 7. d4 Bd6 8. Bg5 Be7 9. Bd3 h6 10. Bd2 Nbd7 11. Qe2 c5 12. Ne4 cxd4
13. Nxd4 Nxe4 14. Bxe4 Bxe4 15. Qxe4 Rc8 16. Nc6 Qc7 17. Nxe7 Kxe7 18. Bc3 f6
19. Qg6 Rhg8 20. O-O Ne5 21. Bb4+ Kd8 22. Rad1+ Nd7 23. Qf7 Rf8 24. Qxg7 a5 25.
Qxf6+ 1-0

[Event "27e tournoi 1hKO"]
[Site "Montigny le Bretonneux"]
[Date "2025.05.29"]
[Round "3.13"]
[White "Saint-Esteben, Anton"]
[Black "Elie, Nicolas"]
[Result "1-0"]
[WhiteElo "1650"]
[BlackElo "1490"]
[Annotator "Rivier,Sylvain"]
[PlyCount "99"]
[EventDate "2025.??.??"]
[WhiteTeam "Club d'Echecs du Vesinet"]
[BlackTeam "Club d'Echecs de Guyancourt"]

{Partie du pion dame} 1. d4 d5 2. Bf4 Nc6 3. Nf3 Bf5 4. e3 Nf6 5. c4 e6 6. a3
Bd6 7. Bxd6 Qxd6 8. Nc3 e5 9. cxd5 Nxd5 10. dxe5 Qe6 11. Qxd5 Qxd5 12. Nxd5
O-O-O 13. Nc3 Rhe8 14. Bc4 Re7 15. O-O Rdd7 16. Rad1 Nxe5 17. Nxe5 Rxe5 18.
Rxd7 Kxd7 19. Bxf7 Ke7 20. f4 Rxe3 21. Nd5+ Kxf7 22. Nxe3 Bd7 23. Nc4 Bb5 24.
b3 Kf6 25. a4 Ba6 26. Rd1 Ke6 27. Kf2 h6 28. Ne5 b6 29. Rd7 g5 30. g3 gxf4 31.
gxf4 Kf5 32. Kg3 Be2 33. Rxc7 a6 34. Rc6 b5 35. Rxa6 bxa4 36. Rxa4 h5 37. h4
Bd1 38. Ra3 Bxb3 39. Rxb3 Ke4 40. Rd3 Kf5 41. Kf3 Kf6 42. Ke4 Ke6 43. f5+ Kf6
44. Rd6+ Ke7 45. Kd5 Ke8 46. Rd7 Kf8 47. Ke6 Kg8 48. Kf6 Kh8 49. Kg6 Kg8 50.
Rd8# 1-0

[Event "27e tournoi 1hKO"]
[Site "Montigny le Bretonneux"]
[Date "2025.05.29"]
[Round "3.14"]
[White "Fasquelle, Yann"]
[Black "Salagnac, Sowan"]
[Result "0-1"]
[WhiteElo "1516"]
[BlackElo "1640"]
[Annotator "Rivier,Sylvain"]
[PlyCount "62"]
[EventDate "2025.??.??"]
[WhiteTeam "Saint-Quentin en Yvelines"]
[BlackTeam "Saint-Quentin en Yvelines"]

{Défense Caro-Kann, variante d'avance} 1. e4 c6 2. d4 d5 3. e5 Bf5 4. Nd2 e6
5. c3 c5 6. f4 Nc6 7. Bb5 Qb6 8. Bxc6+ bxc6 9. Ndf3 h5 10. Ne2 Nh6 11. b3 Bh7
12. O-O Nf5 13. Qe1 Be7 14. Qf2 O-O 15. Ng3 Nxg3 16. Qxg3 cxd4 17. cxd4 c5 18.
Be3 cxd4 19. Bxd4 Bc5 20. Bxc5 Qxc5+ 21. Kh1 Rac8 22. Rad1 Qa3 23. Nd4 Qxa2 24.
f5 exf5 25. Nxf5 Bxf5 26. Rxf5 Qc2 27. Rdf1 Qe2 28. Qh3 Qg4 29. Qe3 Rc2 30.
R5f2 Rfc8 31. Rxf7 Qxg2# 0-1

[Event "27e tournoi 1hKO"]
[Site "Montigny le Bretonneux"]
[Date "2025.05.29"]
[Round "3.15"]
[White "Ferreira-Yang, Maxime"]
[Black "Tanchoux, Pierre"]
[Result "1-0"]
[WhiteElo "1619"]
[BlackElo "1462"]
[Annotator "Rivier,Sylvain"]
[PlyCount "47"]
[EventDate "2025.??.??"]
[WhiteTeam "Club d'Echecs de Guyancourt"]
[BlackTeam "La Dame Noire"]

{Défense moderne} 1. e4 d6 2. d4 g6 3. Bc4 Bg7 4. Nf3 e6 5. e5 d5 6. Bb3 Nd7
7. Bg5 Ne7 8. Nc3 a6 9. Ne2 b5 10. c3 Bb7 11. a4 c6 12. a5 c5 13. Bc2 cxd4 14.
cxd4 Rc8 15. b4 O-O 16. Bd3 f6 17. exf6 Bxf6 18. Bh6 Bg7 19. Bxg7 Kxg7 20. Ng5
Rf6 21. Nf4 Nf8 22. Qg4 Nf5 23. Nh5+ gxh5 24. Nxe6+ 1-0

[Event "27e tournoi 1hKO"]
[Site "Montigny le Bretonneux"]
[Date "2025.05.29"]
[Round "3.16"]
[White "Longbien, Dominique"]
[Black "Conchou, Patrick"]
[Result "1-0"]
[WhiteElo "1618"]
[BlackElo "1399"]
[Annotator "Rivier,Sylvain"]
[PlyCount "81"]
[EventDate "2025.??.??"]
[WhiteTeam "La Dame Noire"]
[BlackTeam "Echecs Club d'Orgeval"]

{Défense Alekhine, variante de chasse} 1. e4 Nf6 2. Nc3 d5 3. exd5 Nxd5 4.
Nge2 a6 5. g3 e6 6. Bg2 Be7 7. O-O O-O 8. d3 c6 9. Ne4 f5 10. N4c3 Bf6 11. Nxd5
exd5 12. c3 g6 13. Be3 Bg7 14. Qd2 Nd7 15. Rae1 Ne5 16. Nd4 Ng4 17. Bf4 c5 18.
Ne6 Bxe6 19. Rxe6 d4 20. Rd6 Qa5 21. h3 dxc3 22. bxc3 Bxc3 23. Qc2 Nf6 24. Bxb7
Rae8 25. Bh6 Rf7 26. Qb3 Ree7 27. Rd8+ Qxd8 28. Bxa6 Re1 29. Qxc3 Rxf1+ 30.
Kxf1 Rc7 31. Bc4+ Kh8 32. Bg5 Rc6 33. a4 Kg7 34. Bb5 Rc7 35. Qe5 Rf7 36. Qxc5
h6 37. Bf4 g5 38. Be5 Kg6 39. Bc4 Rf8 40. a5 Nd7 41. Qc6+ 1-0

[Event "27e tournoi 1hKO"]
[Site "Montigny le Bretonneux"]
[Date "2025.05.29"]
[Round "3.17"]
[White "Hellal, Ayoub"]
[Black "Moulun, Raphael"]
[Result "1-0"]
[WhiteElo "1299"]
[BlackElo "1597"]
[Annotator "Rivier,Sylvain"]
[PlyCount "67"]
[EventDate "2025.??.??"]
[WhiteTeam "La Dame Noire"]
[BlackTeam "La Dame Noire"]

{Gambit Benko} 1. d4 Nf6 2. c4 c5 3. d5 b5 4. b3 b4 5. Bb2 e6 6. e3 g6 7. Bd3
Bg7 8. Nf3 O-O 9. O-O exd5 10. cxd5 d6 11. h3 Re8 12. Nbd2 Nbd7 13. e4 Ne5 14.
Nxe5 dxe5 15. f4 exf4 16. Rxf4 Nh5 17. Bxg7 Nxf4 18. Bb5 Qg5 19. Qf3 Bxh3 20.
g3 Kxg7 21. Qxf4 Qxf4 22. gxf4 Red8 23. Nc4 Bd7 24. Bxd7 Rxd7 25. Ne5 Re7 26.
Re1 Rxe5 27. fxe5 Rf8 28. Rf1 Re8 29. Rc1 Rc8 30. a3 a5 31. axb4 axb4 32. Ra1
c4 33. Rc1 c3 34. Kf2 {suite illisible} 1-0

[Event "27e tournoi 1hKO"]
[Site "Montigny le Bretonneux"]
[Date "2025.05.29"]
[Round "3.18"]
[White "Branson, James"]
[Black "Orfila, Hugo"]
[Result "1-0"]
[WhiteElo "1665"]
[BlackElo "1299"]
[Annotator "Rivier,Sylvain"]
[PlyCount "73"]
[EventDate "2025.??.??"]
[WhiteTeam "Club d'Echecs de Guyancourt"]
[BlackTeam "Club d'Echecs de Guyancourt"]

{Gambit du roi} 1. e4 e5 2. f4 d6 3. Nf3 Bg4 4. Bc4 Nf6 5. d3 Nc6 6. c3 Be7 7.
O-O Qd7 8. b4 a6 9. a4 O-O 10. Qe1 d5 11. exd5 Nxd5 12. Nxe5 Nxe5 13. fxe5 Qe6
14. Qg3 Be2 15. Rf2 Bh5 16. Nd2 Qg4 17. Qxg4 Bxg4 18. Bxd5 c6 19. Bb3 b5 20.
Ne4 Rad8 21. d4 Kh8 22. Rxf7 Rxf7 23. Bxf7 g6 24. Bh6 Rd7 25. Rf1 Bh4 26. Be8
Be7 27. Bxd7 Bxd7 28. Ng5 Kg8 29. e6 Be8 30. axb5 axb5 31. Nf7 Bf8 32. Bxf8
Kxf8 33. Ng5+ Kg7 34. e7 h6 35. Ne6+ Kh7 36. Rf8 Bd7 37. Nc5 1-0

[Event "27e tournoi 1hKO"]
[Site "Montigny le Bretonneux"]
[Date "2025.05.29"]
[Round "3.19"]
[White "Cros, Isidore"]
[Black "Badjate, Nishchal"]
[Result "1-0"]
[WhiteElo "1439"]
[BlackElo "1470"]
[Annotator "Rivier,Sylvain"]
[PlyCount "129"]
[EventDate "2025.??.??"]
[WhiteTeam "Le Petit Pouchet Paris"]
[BlackTeam "La Dame Noire"]

{Début Ponziani} 1. e4 e5 2. Nf3 Nc6 3. d4 exd4 4. Bc4 Bc5 5. c3 dxc3 6. Bxf7+
Kxf7 7. Qd5+ Kf8 8. Qxc5+ Nge7 9. Nxc3 d6 10. Qc4 Ne5 11. Nxe5 dxe5 12. O-O Qd6
13. Be3 Be6 14. Qe2 Nc6 15. Na4 b6 16. Rad1 Nd4 17. Bxd4 exd4 18. Qf3+ Bf7 19.
e5 Qd5 20. Qxd5 Bxd5 21. Rxd4 c6 22. Rfd1 Re8 23. f4 Kf7 24. Nc3 Be6 25. b3
Rhf8 26. Ne4 Kg8 27. g3 c5 28. Rd6 h6 29. Kg2 Bf5 30. Nc3 Re7 31. Nd5 Be4+ 32.
Kf2 Rxe5 33. Kg1 Ref5 34. Ne7+ Kh7 35. Nxf5 Rxf5 36. Re1 Bc2 37. Re5 Rf7 38.
Rde6 Bb1 39. a3 Ba2 40. Re3 Rd7 41. R6e5 Rd1+ 42. Kg2 Rb1 43. b4 c4 44. Rc3 Rb3
45. Rxb3 cxb3 46. Re2 Kg6 47. g4 a5 48. bxa5 bxa5 49. Rb2 a4 50. Kf3 Kf6 51.
Ke4 g5 52. f5 h5 53. h3 h4 54. Kd5 Ke7 55. Kc5 Kf6 56. Kb4 Ke5 57. Kxa4 Kf4 58.
f6 Kg3 59. f7 Kxh3 60. f8=Q Kxg4 61. Qb4+ Kg3 62. Qe4 h3 63. Ka5 g4 64. Kb6 h2
65. Rg2+ 1-0

[Event "27e tournoi 1hKO"]
[Site "Montigny le Bretonneux"]
[Date "2025.05.29"]
[Round "3.20"]
[White "Chevalier, Bastien"]
[Black "Bouloc, Roger"]
[Result "0-1"]
[WhiteElo "1299"]
[BlackElo "1438"]
[Annotator "Rivier,Sylvain"]
[PlyCount "54"]
[EventDate "2025.??.??"]
[WhiteTeam "Villepreux Le Fou du Roi"]
[BlackTeam "La Dame Noire"]

{Ouverture Bird} 1. f4 Nc6 2. Nf3 d6 3. e3 Bg4 4. Be2 e5 5. O-O Be7 6. h3 Bd7
7. Nc3 Nf6 8. d3 O-O 9. Bd2 Re8 10. Qe1 exf4 11. exf4 Nb4 12. Nd4 c5 13. a3
cxd4 14. axb4 dxc3 15. bxc3 b5 16. d4 d5 17. Qg3 Ne4 18. Qe3 Bh4 19. Be1 Bxe1
20. Rfxe1 Nf6 21. Qf2 Ne4 22. Qe3 Qh4 23. Rf1 Ng3 24. Qf2 Rxe2 25. Qxe2 Nxe2+
26. Kh1 Ng3+ 27. Kh2 Nxf1+ 0-1

[Event "27e tournoi 1hKO"]
[Site "Montigny le Bretonneux"]
[Date "2025.05.29"]
[Round "3.21"]
[White "Bellabas, Alia"]
[Black "El Hamoui, Noah"]
[Result "1/2-1/2"]
[WhiteElo "1399"]
[BlackElo "1299"]
[Annotator "Rivier,Sylvain"]
[PlyCount "70"]
[EventDate "2025.??.??"]
[WhiteTeam "Club d'Echecs Perrotin"]
[BlackTeam "Saint-Quentin en Yvelines"]

{Partie italienne} 1. e4 e5 2. Nf3 Nc6 3. Bc4 Nf6 4. d3 Bc5 5. Nc3 O-O 6. O-O
d6 7. h3 h6 8. Nd5 Nxd5 9. Bxd5 Be6 10. Bb3 d5 11. exd5 Bxd5 12. c4 Bxf3 13.
Qxf3 Nd4 14. Qe4 Nxb3 15. axb3 Qd4 16. Be3 Qxe4 17. dxe4 Bd4 18. Bxd4 exd4 19.
Rfd1 Rfd8 20. Rd3 c5 21. Ra4 Rd6 22. b4 b6 23. bxc5 bxc5 24. Ra5 Rc6 25. h4 Rb8
26. b3 a6 27. g4 g5 28. hxg5 hxg5 29. Kg2 Kg7 30. Kg3 Kf6 31. f4 gxf4+ 32. Kxf4
Ke7 33. Kf5 Rf6+ 34. Ke5 Re6+ 35. Kf5 Rf6+ 1/2-1/2

[Event "27e tournoi 1hKO"]
[Site "Montigny le Bretonneux"]
[Date "2025.05.29"]
[Round "3.22"]
[White "Gabory, Clement"]
[Black "Carbonero, Jean Marc"]
[Result "1-0"]
[WhiteElo "1299"]
[BlackElo "1399"]
[Annotator "Rivier,Sylvain"]
[PlyCount "41"]
[EventDate "2025.??.??"]
[WhiteTeam "Club d'Echecs de Guyancourt"]
[BlackTeam "La Dame Noire"]

{Défense Petroff} 1. e4 e5 2. Bc4 Nf6 3. Nc3 Bb4 4. Nf3 Nc6 5. O-O O-O 6. d3
d6 7. Bg5 h6 8. Bh4 Bg4 9. Nd5 Nd4 10. Nxf6+ gxf6 11. h3 Nxf3+ 12. gxf3 Bxh3
13. Re1 Bxe1 14. Qxe1 Be6 15. Qe3 Bxc4 16. dxc4 Qe7 17. Qxh6 Qe6 18. Bxf6 Qxf6
19. Qxf6 Rfe8 20. Kh1 Re6 21. Rg1+ 1-0

[Event "27e tournoi 1hKO"]
[Site "Montigny le Bretonneux"]
[Date "2025.05.29"]
[Round "3.23"]
[White "Chevalier, Magali"]
[Black "Gabory, Donatien"]
[Result "0-1"]
[WhiteElo "1399"]
[BlackElo "1299"]
[Annotator "Rivier,Sylvain"]
[PlyCount "52"]
[EventDate "2025.??.??"]
[WhiteTeam "Villepreux Le Fou du Roi"]
[BlackTeam "Club d'Echecs de Guyancourt"]

{Partie du pion dame} 1. d4 d5 2. Nf3 Bf5 3. e3 e6 4. c3 c5 5. Bb5+ Nc6 6. Ne5
Rc8 7. Nxc6 bxc6 8. Ba6 Rb8 9. Bd3 cxd4 10. Bxf5 dxc3 11. Bd3 cxb2 12. Bxb2
Rxb2 13. Nc3 Qa5 14. O-O Qxc3 15. Be2 Bd6 16. Rc1 Qe5 17. g3 h5 18. Qd4 Rxe2
19. Qxe5 Bxe5 20. Rxc6 h4 21. Rc8+ Ke7 22. f4 hxg3 23. hxg3 Bxf4 24. exf4 Rhh2
25. Rc7+ Kf6 26. Rfc1 Reg2+ 0-1

[Event "27e tournoi 1hKO"]
[Site "Montigny le Bretonneux"]
[Date "2025.05.29"]
[Round "3.24"]
[White "Leblanc, Didier"]
[Black "Orfila, Leila"]
[Result "0-1"]
[WhiteElo "1399"]
[BlackElo "1299"]
[Annotator "Rivier,Sylvain"]
[PlyCount "26"]
[EventDate "2025.??.??"]
[WhiteTeam "Saint-Quentin en Yvelines"]
[BlackTeam "Club d'Echecs de Guyancourt"]

{Défense ouest-indienne} 1. d4 d5 2. c4 e6 3. Nf3 Nf6 4. Nc3 b6 5. e3 Bb7 6.
Bd3 Bd6 7. O-O dxc4 8. Bxc4 O-O 9. Qd3 Nbd7 10. Ne4 Nxe4 11. a3 Ng5 12. Nxg5
Qxg5 13. Bb3 Qxg2# 0-1

[Event "27e tournoi 1hKO"]
[Site "Montigny le Bretonneux"]
[Date "2025.05.29"]
[Round "3.5"]
[White "Forissier, Nicolas"]
[Black "Fasquelle, Cedric"]
[Result "1-0"]
[WhiteElo "1890"]
[BlackElo "1774"]
[Annotator "Rivier,Sylvain"]
[PlyCount "63"]
[EventDate "2025.??.??"]
[WhiteTeam "La Dame Noire"]
[BlackTeam "Saint-Quentin en Yvelines"]

{Défense Nimzo-indienne, système Rubinstein} 1. d4 Nf6 2. c4 e6 3. Nc3 Bb4 4.
Nf3 d5 5. e3 O-O 6. Bd3 c5 7. O-O Nc6 8. a3 Bxc3 9. bxc3 b6 10. cxd5 exd5 11.
dxc5 bxc5 12. c4 d4 13. Bb2 dxe3 14. fxe3 Re8 15. Qe2 Ng4 16. e4 Nge5 17. Bc2
Ba6 18. Bb3 Rb8 19. Ba2 Qe7 20. Rad1 Nxc4 21. Bxc4 Bxc4 22. Qxc4 Rxb2 23. Rd5
Qxe4 24. Qxe4 Rxe4 25. Rxc5 Ne7 26. Rc7 a5 27. Ra7 f6 28. Rxa5 Kf7 29. Ng5+ Kg6
30. Nxe4 Nc6 31. Ra4 Nd8 32. h4 {suite illisible} 1-0

[Event "27e tournoi 1hKO"]
[Site "Montigny le Bretonneux"]
[Date "2025.05.31"]
[Round "4.1"]
[White "Thibous, Mathis"]
[Black "Suffert, Martin"]
[Result "1-0"]
[WhiteElo "2145"]
[BlackElo "1896"]
[Annotator "Rivier,Sylvain"]
[PlyCount "55"]
[EventDate "2025.??.??"]
[WhiteTeam "Fontainebleau-Avon"]
[BlackTeam "la Tour des Clayes"]

{Défense scandinave} 1. e4 d5 2. exd5 Qxd5 3. Nc3 Qa5 4. Bc4 Nf6 5. d3 c6 6.
Bd2 Bf5 7. Qe2 e6 8. h3 Bg6 9. O-O-O Bb4 10. a3 Bxc3 11. Bxc3 Qc7 12. Be5 Qe7
13. g4 Nbd7 14. b4 O-O 15. Nf3 b5 16. Ba2 a5 17. Rhg1 a4 18. Bc3 Rfe8 19. Rde1
Qd6 20. Ne5 c5 21. h4 h5 22. Nxg6 fxg6 23. gxh5 gxh5 24. Bxe6+ Kh8 25. f4 Ng4
26. Rxg4 hxg4 27. Qxg4 Nf8 28. Qxg7# 1-0

[Event "27e tournoi 1hKO"]
[Site "Montigny le Bretonneux"]
[Date "2025.05.31"]
[Round "4.3"]
[White "Chevrier, Denis"]
[Black "Forissier, Nicolas"]
[Result "0-1"]
[WhiteElo "1734"]
[BlackElo "1890"]
[Annotator "Rivier,Sylvain"]
[PlyCount "50"]
[EventDate "2025.??.??"]
[WhiteTeam "Club d'Echecs de l'Arpajonnais"]
[BlackTeam "La Dame Noire"]

{Ouverture anglaise, variante symétrique} 1. c4 Nf6 2. Nc3 d6 3. g3 g6 4. Bg2
Bg7 5. e3 c5 6. Nge2 O-O 7. O-O Nc6 8. d4 cxd4 9. Nxd4 Bd7 10. Rb1 Qc8 11. b3
Bh3 12. Bb2 Bxg2 13. Kxg2 Rd8 14. Qe2 Nd7 15. Nd5 e6 16. Nxc6 Qxc6 17. Bxg7
Kxg7 18. e4 exd5 19. exd5 Qb6 20. f4 Re8 21. Qf3 Re3 22. Qg4 Nf6 23. Qh4 Re2+
24. Kh3 h5 25. f5 Ng4 0-1

[Event "27e tournoi 1hKO"]
[Site "Montigny le Bretonneux"]
[Date "2025.05.31"]
[Round "4.4"]
[White "Almeida, Oscar Coelho"]
[Black "Plantet, Marc"]
[Result "1-0"]
[WhiteElo "1822"]
[BlackElo "1854"]
[Annotator "Rivier,Sylvain"]
[PlyCount "34"]
[EventDate "2025.??.??"]
[WhiteTeam "Saint-Quentin en Yvelines"]
[BlackTeam "La Dame Noire"]

{Défense des deux cavaliers} 1. e4 e5 2. Nf3 Nc6 3. Bc4 Nf6 4. d3 h6 5. Be3 d5
6. exd5 Nxd5 7. Bxd5 Qxd5 8. Nc3 Qd8 9. O-O Bd6 10. a3 O-O 11. h3 Bf5 12. Re1
Be6 13. d4 exd4 14. Nxd4 Nxd4 15. Bxd4 Qd7 16. Qf3 c6 17. Rad1 Bd5 1-0

[Event "27e tournoi 1hKO"]
[Site "Montigny le Bretonneux"]
[Date "2025.05.31"]
[Round "4.6"]
[White "Fasquelle, Cedric"]
[Black "Ferreira-Yang, Maxime"]
[Result "1-0"]
[WhiteElo "1774"]
[BlackElo "1619"]
[Annotator "Rivier,Sylvain"]
[PlyCount "97"]
[EventDate "2025.??.??"]
[WhiteTeam "Saint-Quentin en Yvelines"]
[BlackTeam "Club d'Echecs de Guyancourt"]

{Gambit du roi} 1. e4 e5 2. f4 Bc5 3. Nf3 Nc6 4. fxe5 Nxe5 5. c3 d6 6. d4 Nxf3+
7. Qxf3 Bb6 8. Bd3 Qh4+ 9. g3 Qh3 10. Rf1 Nf6 11. Bg5 Bg4 12. Qf4 O-O-O 13.
Bxf6 gxf6 14. Nd2 f5 15. Nf3 fxe4 16. Ng5 Qh5 17. Nxe4 Rhe8 18. Kd2 d5 19. Nf6
Qxh2+ 20. Rf2 Qh3 21. Qxg4+ Qxg4 22. Nxg4 Rg8 23. Bf5+ Kb8 24. Rf3 c6 25. Ne5
f6 26. Nd3 Bc7 27. g4 h6 28. Rh1 Rh8 29. Nf4 Rde8 30. Ne6 Bd6 31. Rfh3 a6 32.
Rxh6 Rxh6 33. Rxh6 Ka7 34. Rxf6 Rh8 35. Kc2 a5 36. Kb3 Ka6 37. Nc5+ Bxc5 38.
dxc5 Kb5 39. Rf7 a4+ 40. Ka3 Rb8 41. g5 Kxc5 42. g6 b5 43. g7 d4 44. cxd4+ Kc4
45. Be6+ Kxd4 46. b3 Kc3 47. Rf3+ Kc2 48. g8=Q axb3 49. Bxb3+ 1-0

[Event "27e tournoi 1hKO"]
[Site "Montigny le Bretonneux"]
[Date "2025.05.31"]
[Round "4.7"]
[White "Salagnac, Sowan"]
[Black "Neveu, Raphael"]
[Result "1-0"]
[WhiteElo "1640"]
[BlackElo "1741"]
[Annotator "Rivier,Sylvain"]
[PlyCount "73"]
[EventDate "2025.??.??"]
[WhiteTeam "Saint-Quentin en Yvelines"]
[BlackTeam "La Dame Noire"]

{Partie écossaise} 1. e4 e5 2. Nf3 Nc6 3. d4 exd4 4. Nxd4 Nf6 5. Nxc6 bxc6 6.
e5 Qe7 7. Qe2 Nd5 8. c4 Nb6 9. Nc3 Ba6 10. Qe4 g6 11. Bd3 Bg7 12. O-O O-O 13.
Re1 Rfe8 14. Bf4 Rab8 15. Bg3 Qe6 16. b3 d5 17. cxd5 cxd5 18. Qd4 Bxd3 19. Qxd3
c6 20. Rac1 h5 21. Rc2 Re7 22. Rce2 Rc8 23. Bh4 Rd7 24. Rd1 Qg4 25. Bf6 Bxf6
26. exf6 Qg5 27. Qf3 Kh7 28. Rde1 Rd6 29. Re7 Rf8 30. Rxa7 Rxf6 31. Qe3 Re6 32.
Qxe6 Qd2 33. Rxf7+ Rxf7 34. Qxf7+ Kh6 35. Qf8+ Kg5 36. Re5+ Kh4 37. Qf6+ 1-0